| 000 | 02365nam0a2200373 4500 | ||
|---|---|---|---|
| 001 | RU\NLR\BIBL_A\022711592 | ||
| 005 | 20260402133055.0 | ||
| 010 |
_a978-5-00254-029-7 _9100 |
||
| 021 |
_aRU _bКН-П-25-075419 _9КН-П-25-7317 |
||
| 035 | _a(NLR Aleph) 022711592 | ||
| 090 |
_a13649951 _c13649951 |
||
| 100 | _a20260129d2025 u y0rusy50 ca | ||
| 101 | 0 | _arus | |
| 102 | _aRU | ||
| 105 | _aa j 000yy | ||
| 181 | 0 |
_ai3 _baxxe |
|
| 182 | 0 | _an | |
| 200 | 1 |
_aМатематические модели конкуренции _eучебное пособие _eдля студентов высших учебных заведений, обучающихся по специальности "Прикладная математика и информатика" _fГончарова Анастасия Борисовна, кандидат физико-математических наук, доцент, Колпак Евгений Петрович, доктор физико-математических наук, профессор, Гасратова Наталья Александровна, кандидат физико-математических наук, доцент, Горыня Екатерина Валерьевна, кандидат физико-математических наук, доцент |
|
| 203 |
_aТекст _bвизуальный _cнепосредственный |
||
| 210 |
_aКазань _cБук _d2025 |
||
| 215 |
_a105 с. _cцв. ил. _d21 |
||
| 300 | _aАвт. указаны на обороте тит. с. | ||
| 320 | _aБиблиогр.: с. 101-105 (57 назв.) | ||
| 606 | 1 |
_aБиологическая конкуренция _xМатематическое моделирование _jУчебные издания для высших учебных заведений _2nlr_sh2 _3RU\NLR\AUTH\6601768600 |
|
| 686 | 1 | _aЕ022.23в641.0я731 | |
| 686 | 1 | _aЕ081.81в641.0я731 | |
| 701 | 1 |
_aГончарова _bА. Б. _gАнастасия Борисовна |
|
| 701 | 1 |
_aКолпак _bЕ. П. _gЕвгений Петрович _3RU\NLR\AUTH\7730018 |
|
| 701 | 1 |
_aГасратова _bН.А. _gНаталья Александровна |
|
| 701 | 1 |
_aГорыня _bЕ. В. _gЕкатерина Валерьевна |
|
| 942 | _cBOOK | ||
| 980 | _aNB | ||